Odolnost zemědělských rostlin k chorobám : určeno pro stud. oboru fytotechnika /

Hlavní autor: Bartoš, Pavel, 1930-
Jazyk: Čeština
Vydáno: Praha : Editpress, 1991
Vydání: 1. vyd.
Témata:
Fyzický popis: 119 s. : tab., grafy, schémata ; 30 cm
Knihy
Uloženo v:
LEADER 00941aam 22002892a 4500
001 000735884
003 CZ BrMZK
005 20041125202729.0
007 ta
008 040916s1991 xr a|||| |||||||| ||cze d
015 |a cnb000063904 
020 |a 80-213-0101-5 
035 |a (OCoLC)39601531 
040 |a ABA001  |b cze  |d ABA001  |d BOA001 
080 9 |a 631.5  |2 undef 
080 9 |a 632  |2 undef 
100 1 |a Bartoš, Pavel,  |d 1930-  |7 jk01010942  |4 aut 
245 1 0 |a Odolnost zemědělských rostlin k chorobám :  |b určeno pro stud. oboru fytotechnika /  |c Pavel Bartoš 
250 |a 1. vyd. 
260 |a Praha :  |b Editpress,  |c 1991 
300 |a 119 s. :  |b tab., grafy, schémata ;  |c 30 cm 
504 |a Obsahuje bibliografii 
500 |a Rozmn. 
655 7 |a učebnice vysokých škol  |7 fd133772  |2 czenas 
910 |a BOA001  |b 4-0971.834  |k k 
990 |a BK 
996 7 |b 2619211639  |c 4-0971.834  |l MZK  |r Sklad / do 1 hodiny  |n 5  |w 000735884  |u 000010  |a 1  |e BOA001  |j MZK50  |s A